UM Logo

World politics: (Record no. 6844)

MARC details
000 -LEADER
fixed length control field 00558nam a22001697a 4500
008 - FIXED-LENGTH DATA ELEMENTS--GENERAL INFORMATION
fixed length control field 170509b xxu||||| |||| 00| 0 eng d
020 ## - INTERNATIONAL STANDARD BOOK NUMBER
International Standard Book Number 0-395-94219-5
082 ## - DEWEY DECIMAL CLASSIFICATION NUMBER
Edition number 1999
Classification number DC 327.172
Item number G11w
100 ## - MAIN ENTRY--PERSONAL NAME
9 (RLIN) 20717
Personal name Genest, Marc
245 ## - TITLE STATEMENT
Title World politics:
Remainder of title contending ideas and opinions/
Statement of responsibility, etc. Marc Genest.
260 ## - PUBLICATION, DISTRIBUTION, ETC. (IMPRINT)
Place of publication, distribution, etc. Boulder:
Name of publisher, distributor, etc. Coursewise Publihsing Inc.,
Date of publication, distribution, etc. c1999.
300 ## - PHYSICAL DESCRIPTION
Extent xxii, 201 pages:
Other physical details illustrations;
Dimensions 27 cm.
500 ## - GENERAL NOTE
General note Includes index.
650 #0 - SUBJECT ADDED ENTRY--TOPICAL TERM
9 (RLIN) 20718
Topical term or geographic name as entry element International organization
650 #0 - SUBJECT ADDED ENTRY--TOPICAL TERM
9 (RLIN) 20719
Topical term or geographic name as entry element World politics
Chronological subdivision 1989
942 ## - ADDED ENTRY ELEMENTS (KOHA)
Source of classification or shelving scheme Dewey Decimal Classification
Koha item type Circulation
Holdings
Withdrawn status Lost status Source of classification or shelving scheme Damaged status Not for loan Collection code Home library Current library Date acquired Source of acquisition Total Checkouts Full call number Barcode Date last seen Copy number Price effective from Koha item type
    Dewey Decimal Classification     Circulation UM Digos College - LIC UM Digos College - LIC 05/30/2011 PLMP   DC 327.172 G11w 1999 21563 05/15/2025 1 05/09/2017 Circulation